LEADER 01389nam a2200325 i 4500 001 000000146206 003 CaOOAMICUS 005 20180928161325.0 008 051222s1979 it u000 u ita u 013 $a122887 040 $aSeMil$bita 100 1 $aArgan, Giulio Carlo,$d<1909-1992>.$0(OLS)http://semarc/name/5637 245 10$aCanova, Cicognara, Foscolo /$cGiulio Carlo Argan, Giandomenico Romanelli, Giovanni Scarabello. 260 $aVenezia :$bArsenale,$cstampa 1979. 300 $a46 p. :$briccamente ill. ;$c22 cm. 490 0 $aCultura/Territorio ;$v2 500 $aFondo Ciprandi. 600 14$aFoscolo, Ugo <1778-1827>.$0(OLS)http://semarc/subject/5620 600 14$aCanova, Antonio <1757-1822>.$0(OLS)http://semarc/subject/15168 600 14$aCicognara, Leopoldo <1767-1834>.$0(OLS)http://semarc/subject/28612 700 1 $aScarabello, Giovanni.$0(OLS)http://semarc/name/37297 700 1 $aRomanelli, Giandomenico.$0(OLS)http://semarc/name/6756 830 0$aCultura/Territorio ;$v2.$0(OLS)http://semarc/title/19077 850 $aSeMil 852 $aSeMil$W1$xVenegono$y1$m5R I 26$j98902$B98902$CSeMilBibl$Z2$F107223 $81 941 1 $a1 961 $aOmaggio: Ciprandi dott. Paolo 996 $6245$aCanova, Cicognara, Foscolo$9(OLS)http://semarc/title/213799 996 $6260$aVenezia :$bArsenale$9(OLS)http://semarc/publisher/32699 LEADER 01498nam a2200301 4500 001 000000347611 003 CaOOAMICUS 005 20210902142142.0 008 210902s1994 it a 000 u ita r 040 $aSeMil$bita 100 1 $aFilippini, Roberto.$0(OLS)http://semarc/name/114558 245 10$aLuci di Natale :$bpagine bibliche, poesie ed immagini /$cRoberto Filippini, Riccardo Fontana, Janni Sabucco ; prefazione di S.E. Mons. Alessandro Plotti. 264 1$aPisa :$bOffset grafica,$c1994. 300 $a91 p. :$bill. ;$c24 cm 490 1 $aQuaderni stenoniani dell'Istituto superiore di scienze religiose Niccolò Stenone di Pisa ;$v3 541 0 $aOmaggio card. Angelo Scola 650 4$aNatale.$0(OLS)http://semarc/subject/7955 700 1 $aFontana, Riccardo.$0(OLS)http://semarc/name/114559 700 1 $aSabucco, Janni.$0(OLS)http://semarc/name/114560 700 1 $aPlotti, Alessandro,$c.$0(OLS)http://semarc/name/49661 830 0$aQuaderni stenoniani dell'Istituto superiore di scienze religiose Niccolò Stenone di Pisa ;$v3.$0(OLS)http://semarc/title/436903 850 $aSeMil 852 $aSeMil$W1$xVenegono$y1$m2C VI 356$j229580$B238663$CSeMilBibl$Z2$F238663 $81 941 1 $a6 961 $aOmaggio card. Angelo Scola 996 $6245$aLuci di Natale :$bpagine bibliche, poesie ed immagini$9(OLS)http://semarc/title/436902 996 $6264$aPisa :$bOffset grafica$9(OLS)http://semarc/publisher/60083 LEADER 01518nam a2200301 i 4500 001 000000035407 003 CaOOAMICUS 005 20250505165118.0 008 090507s1987 it u000 u ita u 013 $a3655 040 $aSeMil$bita 100 1 $aIannuzzi, Vincenzo .$0(OLS)http://semarc/name/16489 245 12$aI papi e i mass media :$bdiscorsi di Pio 12., Giovanni 23., Paolo 6. e Giovanni Paolo 2. sulla comunicazione sociale /$cVincenzo Iannuzzi. 260 $aRoma :$bEnte dello Spettacolo,$cstampa 1987. 300 $a297 p. ;$c22 cm. 490 0 $aImmagini allo specchio ;$v6 600 04$aGiovanni Paolo II .$0(OLS)http://semarc/subject/5525 600 04$aPaolo VI .$0(OLS)http://semarc/subject/713 600 04$aGiovanni XXIII .$0(OLS)http://semarc/subject/3422 600 04$aPio XII .$0(OLS)http://semarc/subject/687 650 4$aChiesa e comunicazione di massa.$0(OLS)http://semarc/subject/40389 830 0$aImmagini allo specchio ;$v6.$0(OLS)http://semarc/title/20767 850 $aSeMil 852 $aSeMil$W1$xVenegono$y1$m2A I 266$j1562$B1562$CSeMilBibl$Z2$F1562 $81 961 $aOmaggio: Casa editrice 996 $6245$aI papi e i mass media :$bdiscorsi di Pio 12., Giovanni 23., Paolo 6. e Giovanni Paolo 2. sulla comunicazione sociale$9(OLS)http://semarc/title/48452 996 $6260$aRoma :$bEnte dello Spettacolo$9(OLS)http://semarc/publisher/34212 LEADER 00777nam a2200205 i 4500 001 000000086343 003 CaOOAMICUS 005 20180830150008.0 008 180830s1955 xx u000 u und u 013 $a58583 040 $aSeMil$bita 245 10$aRelazioni. Vol.V. Storia contemporanea. 260 $aFirenze :$bSansoni,$c1955. 300 $a383 p. 650 4$aStoria contemporanea.$0(OLS)http://semarc/subject/363 700 1 $aGiunta centrale per gli studi storici .$0(OLS)http://semarc/name/39785 850 $aSeMil 852 $aSeMil$W1$xVenegono$y1$m66 29 5 *$j50061$B50061$CSeMilBibl$Z2$F53942 $81 996 $6245$aRelazioni. Vol.V. Storia contemporanea$9(OLS)http://semarc/title/132690 996 $6260$aFirenze :$bSansoni$9(OLS)http://semarc/publisher/29843